000
00416nam a22001577a 4500
003
MPLRDC
005
20220104123707.0
008
210129b ||||| |||| 00| 0 eng d
082
_a
630.1 LAD
100
_a
伯格塔. 利安德编辑
245
_a
文化: 世界人民的交流
_c
260
_a
_b
中国对外翻译出版公司
_c
300
_b
平
650
_a
中国文化史--典籍
942
_c
BK
_o
630.1 LAD
999
_c
13445
_d
13435